Is there consumption risk sharing in the EEC?
Guardado en:
| Autor principal: | |
|---|---|
| Formato: | Libro |
| Lenguaje: | inglés |
| Publicado: |
San Domenico (FI)
European University Institute
1994
|
| Colección: | EUI Working paper ECO
No. 94/37 |
| Materias: | |
| Etiquetas: |
Sin Etiquetas, Sea el primero en etiquetar este registro!
|
MARC
| LEADER | 00000nam a2200000 4500 | ||
|---|---|---|---|
| 001 | c143138 | ||
| 005 | 20221123112513.2 | ||
| 041 | 0 | |a eng | |
| 044 | |a IT | ||
| 245 | 1 | 0 | |a Is there consumption risk sharing in the EEC? |c Angel J. Ubide |
| 264 | 1 | |a San Domenico (FI) |b European University Institute |c 1994 | |
| 300 | |a 54 s. | ||
| 490 | 1 | |a EUI Working paper ECO |v No. 94/37 | |
| 830 | 0 | |a EUI Working paper ECO |v No. 94/37 | |
| 610 | 2 | 0 | |a spotreba |
| 610 | 2 | 0 | |a riziko |
| 610 | 2 | 0 | |a analýzy |
| 610 | 2 | 0 | |a analýza regresná |
| 610 | 2 | 0 | |a kapitál |
| 610 | 2 | 0 | |a modely |
| 100 | 1 | |a Ubide, Angel J. | |